Group techniques (Record no. 48040)
[ view plain ]
| 000 -LEADER | |
|---|---|
| fixed length control field | 00398 a2200169 4500 |
| 041 ## - LANGUAGE CODE | |
| Language code of text/sound track or separate title | Eng. |
| 082 ## - DEWEY DECIMAL CLASSIFICATION NUMBER | |
| Classification number | 301.158 |
| Item number | G918 |
| 100 ## - MAIN ENTRY--PERSONAL NAME | |
| Personal name | Gerald, Corey |
| 9 (RLIN) | 2593 |
| 245 ## - TITLE STATEMENT | |
| Title | Group techniques |
| 260 ## - PUBLICATION, DISTRIBUTION, ETC. | |
| Place of publication, distribution, etc. | Montery |
| Name of publisher, distributor, etc. | Books Pub. |
| 300 ## - PHYSICAL DESCRIPTION | |
| Extent | xvii, 179p. |
| 650 ## - SUBJECT ADDED ENTRY--TOPICAL TERM | |
| Topical term or geographic name entry element | Ethnology |
| 9 (RLIN) | 1554 |
| 650 ## - SUBJECT ADDED ENTRY--TOPICAL TERM | |
| Topical term or geographic name entry element | Group behaviour |
| 9 (RLIN) | 2595 |
| 650 ## - SUBJECT ADDED ENTRY--TOPICAL TERM | |
| Topical term or geographic name entry element | Self evaluation |
| 9 (RLIN) | 2596 |
| 653 ## - INDEX TERM--UNCONTROLLED | |
| Uncontrolled term | Sociology |
| 942 ## - ADDED ENTRY ELEMENTS (KOHA) | |
| Source of classification or shelving scheme | Dewey Decimal Classification |
| Koha item type | General Collections |
| Withdrawn status | Lost status | Source of classification or shelving scheme | Damaged status | Not for loan | Home library | Current library | Date acquired | Total Checkouts | Full call number | Barcode | Date last seen | Price effective from | Koha item type |
|---|---|---|---|---|---|---|---|---|---|---|---|---|---|
| Dewey Decimal Classification | Tribhuvan University Central Library | Tribhuvan University Central Library | 12/02/2010 | 301.158 G918 | G36139 | 12/02/2010 | 12/02/2010 | General Collections | |||||
| Dewey Decimal Classification | Tribhuvan University Central Library | Tribhuvan University Central Library | 12/02/2010 | 301.158 G918 | G37039 | 12/02/2010 | 12/02/2010 | General Collections | |||||
| Dewey Decimal Classification | Tribhuvan University Central Library | Tribhuvan University Central Library | 12/02/2010 | 301.158 G918 | G42227 | 12/02/2010 | 12/02/2010 | General Collections |
